Frontières russes - Mort subite - Statistiques

Statistiques générales
  • Ce quiz a été pris 538 fois
  • Le résultat moyen est 6 sur 14
Answers on the Grid
Answers color-coded by a green-red scale on the quiz's grid according to % correct below.
Chine
Moldavie
Lituanie
Suède
États-Unis
Estonie
Kazakhstan
Iran
Turkménistan
Corée du Nord
Géorgie
Lettonie
Kirghizistan
Biélorussie
Canada
Mongolie
Danemark
Norvège
Japon
Ukraine
Finlande
Arménie
Ouzbékistan
Tadjikistan
Azerbaïdjan
Turquie
Roumanie
Pologne
 
Statistiques - réponses
Réponse % Correct
Chine
60%
Ukraine
57%
Biélorussie
56%
Kazakhstan
55%
Mongolie
52%
Estonie
48%
Corée du Nord
47%
Finlande
44%
Lituanie
44%
Lettonie
41%
Pologne
40%
Géorgie
37%
Norvège
35%
Azerbaïdjan
28%
Aucun quiz correspondant
Distribution des résultats
% des personnes avec chaque résultat
Percentile par nombre de réponses
Votre historique - résultats
Vous n’avez pas pris ce quiz